| 000 | 00000nam 2200000zi 4500 |
| 001 | 9.866015 |
| 003 | CaOODSP |
| 005 | 20221107161937 |
| 006 | m o d f |
| 007 | cr ||||||||||| |
| 008 | 181213t20192019qucb ob f000 0 eng d |
| 020 | |a9780660289861 |
| 040 | |aCaOODSP|beng|erda|cCaOODSP |
| 043 | |an-cn-ns |
| 086 | 1 |aTU3-12/18-0002E-PDF |
| 110 | 2 |aTransportation Safety Board of Canada. |
| 245 | 10|aVessel grounding and subsequent fatality, fishing vessel Fisherman’s Provider II, Canso Nova Scotia, 06 February 2018. |
| 264 | 1|aGatineau, QC : |bTransportation Safety Board of Canada, |c[2019] |
| 264 | 4|c©2019 |
| 300 | |a1 online resource (5 pages) : |bmaps. |
| 336 | |atext|btxt|2rdacontent |
| 337 | |acomputer|bc|2rdamedia |
| 338 | |aonline resource|bcr|2rdacarrier |
| 490 | 1 |aMarine transportation safety investigation report ; |vM18A0002 |
| 500 | |aTitle from caption. |
| 500 | |aIssued also in French under title: Échouement et mort subséquente, bateau de pêche Fisherman’s Provider II, Canso (Nouvelle-Écosse), 6 février 2018. |
| 504 | |aIncludes bibliographical references. |
| 520 | |a"The Fisherman’s Provider II was a Canadian-registered (registration No. 805139), 13.2 m longliner-style fishing vessel owned by Fisherman’s Market International Inc. The vessel was constructed of moulded reinforced plastic and was powered by a diesel engine turning a single propeller shaft. The wheelhouse was equipped with an electronic chart plotter system, an automatic identification system (AIS), a radar, and a very high frequency (VHF) radiotelephone. An inflatable life raft and 4 immersion suits were also carried on board"--Description of the vessel. |
| 692 | 07|2gccst|aMarine accidents |
| 692 | 07|2gccst|aMarine safety |
| 692 | 07|2gccst|aInvestigations |
| 775 | 08|tÉchouement et mort subséquente, bateau de pêche Fisherman’s Provider II, Canso (Nouvelle-Écosse), 6 février 2018.|w(CaOODSP)9.866017 |
| 830 | #0|aMarine transportation safety investigation report ;|vM18A0002.|w(CaOODSP)9.856045 |
| 856 | 40|qPDF|s250 KB|uhttps://publications.gc.ca/collections/collection_2019/bst-tsb/TU3-12-18-0002-eng.pdf |